000
00289nam a2200121Ia 4500
008
210430s9999 xx 000 0 und d
082
_a
530 A957T
100
_a
Avison,John
_9
54966
245
4
_a
The World Of Physics
_c
Avison,John
260
_c
1989
300
_a
486p.
942
_c
BK
_2
ddc
999
_c
565894
_d
565894